| 000 | 00595nam a22001457a 4500 | ||
|---|---|---|---|
| 003 | NUST | ||
| 005 | 20230125095456.0 | ||
| 008 | 230125b ||||| |||| 00| 0 eng d | ||
| 082 | _a378.1664,PSA | ||
| 245 | _aPSAT/NMSQT 2017 Strategies, Practice & Review with 2 Practice Tests: Online + Book / | ||
| 260 |
_aNew York _bKaplan _c2016 |
||
| 300 | _axvii, 485p. | ||
| 505 | _aPart I: Math (Page-5), Part II: Reading (Page-191), Part III: Writing (Page-281), Part IV: Review (Page-341), Part V: Practice Test (Page-353), Part VI: Answer & Explanations (Page-425). | ||
| 942 |
_2ddc _cBK _k378.1664,PSA |
||
| 999 |
_c592986 _d592986 |
||